000 01078cam a22003017a 4500
003 CHAP
005 20220329134630.0
008 971013s1967 r 00010 d
010 _a23312
011 _a24284
035 _a28383
040 _cCHAP
082 _a312.0972
_bC65
110 _aComisión del Río Balsas. México
_925705
245 1 4 _aLos recursos humanos en la cuenca del Río Balsas
260 _aAhuacatitlán, Mor. :
_bDepto. de Información, Estadística y Publicaciones,
_c1967
300 _a94 p.
_b: mapa
590 _aBATCH-UPD
_b10
_c20130110
_lUCH01
_h1649
590 _aBATCH-UPD
_b10
_c20130410
_lUCH01
_h1039
590 _aBATCH-UPD
_b10
_c20130914
_lUCH01
_h1923
590 _aCONVERSION
_b10
_c20130109
_lUCH01
_h1314
650 1 4 _aPoblación
_xMéxico.
_989408
901 _aBK
942 _cLIBRO
949 _a312.0972 C65
_bBC
_cLIBRO
_d33724000300539
_eLIBRO
_h12504
_i28383
_mD
_si
949 _a312.0972 C65
_bBC
_cLIBRO
_d33724000300547
_eLIBRO
_fc.3
_h15093
_i28383
_si
949 _a312.0972 C65
_bBC
_cLIBRO
_d33724000300554
_eLIBRO
_fc.2
_h12505
_i28383
_mD
_si
999 _c23312
_d23312